<?xml version="1.0" encoding="UTF-8"?>
<marc:record xmlns:marc="http://www.loc.gov/MARC21/slim">
   <marc:leader>00000nam a2200000 a 4500</marc:leader>
   <marc:datafield ind1=" " ind2=" " tag="653">
      <marc:subfield code="a">DetektiveAgentenSpione</marc:subfield>
   </marc:datafield>
   <marc:datafield ind1=" " ind2=" " tag="653">
      <marc:subfield code="a">Großeltern</marc:subfield>
   </marc:datafield>
   <marc:datafield ind1=" " ind2=" " tag="653">
      <marc:subfield code="a">Krimi</marc:subfield>
   </marc:datafield>
   <marc:datafield ind1=" " ind2=" " tag="653">
      <marc:subfield code="a">Kassette / Kinder- und Jugendbücher/Kinderbücher bis 11 Jahre</marc:subfield>
   </marc:datafield>
   <marc:datafield ind1=" " ind2=" " tag="653">
      <marc:subfield code="a">CD</marc:subfield>
   </marc:datafield>
   <marc:datafield ind1="0" ind2="0" tag="245">
      <marc:subfield code="a">Max und die wilde 7</marc:subfield>
   </marc:datafield>
   <marc:datafield ind1="0" ind2="0" tag="245">
      <marc:subfield code="c">Lisa-Marie Dickreiter &amp; Winfried Oelsner. Gelesen von Simon Jäger. Regie: Anja Herrenbrück. Kürzung: Lisa-Marie Dickreiter</marc:subfield>
   </marc:datafield>
   <marc:datafield ind1=" " ind2="1" tag="264">
      <marc:subfield code="a">Hamburg</marc:subfield>
      <marc:subfield code="b">Oetinger Media</marc:subfield>
      <marc:subfield code="c">2014</marc:subfield>
   </marc:datafield>
   <marc:datafield ind1="1" ind2=" " tag="520">
      <marc:subfield code="a">Angaben aus der Verlagsmeldung

Max und die Wilde Sieben. Das schwarze Ass : Band 1, Gekürzte Lesung, 210 Min. / von Lisa-Marie Dickreiter, Winfried Oelsner

Oh je, die langweiligsten Ferien aller Zeiten stehen bevor! Der neunjährige Max ist mit seiner Mama, einer Altenpflegerin, ins Seniorenheim gezogen. Doch auf Burg Geroldseck herrscht große Aufregung: Ein Einbrecher treibt hier sein Unwesen. Ehe Max sich versieht, ist er in einen handfesten Kriminalfall verstrickt und findet ausgerechnet in den verrückten Senioren von Tisch Nr. 7 Freunde. Denn obwohl Vera, Horst und Kilian zusammen über 150 Jahre älter sind als Max - von gestern sind sie noch lange nicht!

Auftakt zu einer Reihe mit Max und den Senioren von Tisch Nr. 7, mit einem Protagonisten, der vom Außenseiter zum Helden wird - ein Kinderkrimi in ungewöhlichem Setting.
</marc:subfield>
   </marc:datafield>
   <marc:datafield ind1=" " ind2=" " tag="020">
      <marc:subfield code="a">9783837307429</marc:subfield>
      <marc:subfield code="9">9783837307429</marc:subfield>
   </marc:datafield>
   <marc:datafield ind1=" " ind2=" " tag="020">
      <marc:subfield code="a">3837307425</marc:subfield>
      <marc:subfield code="9">3837307425</marc:subfield>
   </marc:datafield>
   <marc:datafield ind1=" " ind2=" " tag="041">
      <marc:subfield code="a">ger</marc:subfield>
   </marc:datafield>
   <marc:datafield ind1="0" ind2=" " tag="490">
      <marc:subfield code="v">0</marc:subfield>
   </marc:datafield>
   <marc:datafield ind1=" " ind2=" " tag="300">
      <marc:subfield code="a">2 CDs (ca. 214 Min.)</marc:subfield>
   </marc:datafield>
</marc:record>
